Normal view
MARC view
- اصلاحی نصاب
Entry Topical Term
001 - CONTROL NUMBER
- control field: 126054
003 - CONTROL NUMBER IDENTIFIER
- control field: NUST
005 - DATE AND TIME OF LATEST TRANSACTION
- control field: 20240925093421.0
008 - FIXED-LENGTH DATA ELEMENTS
- fixed length control field: 240925|| aca||aabn | a|a d
040 ## - CATALOGING SOURCE
- Original cataloging agency: NUST
- Transcribing agency: NUST
150 ## - HEADING--TOPICAL TERM
- Topical term or geographic name entry element: اصلاحی نصاب
670 ## - SOURCE DATA FOUND
- Source citation: Work cat.: (NUST): Maulana Ashraf Ali Thanvi 114492, اصلاحی نصاب, 1995.
